| 000 | 01039nam a2200241 a 4500 | ||
|---|---|---|---|
| 001 | 79138 | ||
| 003 | BD-RjUL | ||
| 005 | 20220109123528.0 | ||
| 008 | 220109s2021 bg ||||| |||| 00| 0 ben d | ||
| 020 |
_a9789848033180 _c: Tk. 500.00 |
||
| 035 | _a(BD-RjUL)79138 | ||
| 040 |
_aBD-RjUL _beng _cBD-RjUL |
||
| 041 | _aben | ||
| 082 |
_223 _a954.9205092 _bRAS 2021 |
||
| 245 |
_aস্মৃতির মণিকোঠায় বঙ্গবন্ধু শেখ মুজিবুর রহমান ও অন্যান্য / _cমিজানুর রহমান |
||
| 260 |
_aঢাকা : _bমিজান পাবলিশার্স, _c২০২১ |
||
| 300 |
_a২৪০ পৃ.; _c২২ সেমি. |
||
| 600 |
_aমুজিবুর রহমান, _cশেখ, _d১৯২০-১৯৭৫ |
||
| 600 |
_aMujibur Rahman, _cSheikh, _d1920-1975 |
||
| 650 |
_aবাংলাদেশ _xরাজনীতি ও সরকার _9284 |
||
| 650 |
_aBangladesh _xPolitics and government _9285 |
||
| 942 |
_2ddc _cBK |
||
| 999 |
_c79138 _d79138 |
||